Statistiques concernant Pays limitrophes des Pays commençant par la lettre A

Cliquez ici pour prendre le quiz!

Statistiques générales

  • Ce quiz a été pris 1 080 fois
    (738 depuis la dernière actualisation)
  • Le résultat moyen est 52 sur 58

Statistiques - réponses

Réponse% Correct
France
98%
Brésil
97%
Maroc
97%
Chili
96%
Espagne
96%
Pologne
96%
Belgique
95%
Iran
95%
Suisse
95%
Tunisie
95%
Irak
94%
Luxembourg
94%
Paraguay
94%
Uruguay
94%
Pays-Bas
93%
Yémen
93%
Bolivie
92%
Oman
92%
Pakistan
92%
Qatar
92%
Slovaquie
92%
Autriche
91%
Danemark
91%
Kosovo
91%
Macédoine du Nord
91%
Slovénie
91%
Géorgie
90%
Grèce
90%
Lesotho
90%
Mali
90%
République Tchèque
90%
Emirats Arabes Unis
89%
Hongrie
89%
République Démocratique du Congo
89%
Libye
88%
Monténégro
88%
Namibie
88%
Turquie
88%
Congo
87%
Italie
87%
Russie
87%
Turkménistan
87%
Jordanie
86%
Mauritanie
86%
Zimbabwe
85%
Eswatini
84%
Mozambique
84%
Arménie
83%
Koweït
83%
Ouzbékistan
83%
Azerbaïdjan
82%
Niger
82%
Allemagne
81%
Botswana
81%
Tadjikistan
81%
Zambie
81%
Liechtenstein
78%
Chine
72%

Distribution des résultats

Percentile par nombre de réponses

% des personnes avec chaque résultat

Votre développement - résultats

Vous n’avez pas pris ce quiz depuis la dernière actualisation